000 00583nam a2200169Ia 4500
003 GCL
008 140319s9999 xx 000 0 ara d
040 _aGCL /
_cGCL
082 0 4 _a953.076
_bر د
100 1 _aراضى عبدالله عبدالحليم
245 1 0 _aدراسات فى تاريخ خراسان فى العصر الاموى من 40 132هـ /
_cراضى عبدالله عبدالحليم
260 _a[S.N] :
_bدار الاندلس للاعلام ،
_c1987
490 _a
650 0 4 _aالتاريخ الاسلامى
650 0 4 _aخراسان
942 _2ddc
_cBK
999 _c53683
_d53683